000 00584nam a2200205 a 4500
001 16929
003 CO-ViMGA
008 141112s2004 ck r 000 u spa d
020 _a9682448654
040 _aCO-ViMGA
_bspa
_cCO-ViMGA
082 0 4 _a618.9289 P683n
100 1 _aPowers, Michael D.
_923987
245 1 0 _aNiños autistas . Guía para padres, terapeutas y educadores
260 _aMexico,
_cTrillas,
_c2003
300 _a332.p.
590 _aForma de adquisición : Premio - Mincultura
650 1 4 _aAUTISMO
650 1 4 _aPSICOPATOLOGIA INFANTIL
_910353
942 _2ddc
_cBK
999 _c26562
_d26562